|
|
|
|
| LEADER |
00000nam0a2200000 4500 |
| 001 |
289180 |
| 005 |
20231102000149.0 |
| 035 |
|
|
|a (RuTPU)RU\TPU\book\313685
|
| 090 |
|
|
|a 289180
|
| 100 |
|
|
|a 20150331d1978 k y0rusy50 ca
|
| 101 |
0 |
|
|a rus
|
| 102 |
|
|
|a RU
|
| 105 |
|
|
|a a z 101zy
|
| 200 |
1 |
|
|a Палинологические исследования на Северо-Востоке СССР
|e материалы I межведомственного семинара по полинологическим исследованиям на Дальнем Востоке
|f Академия наук СССР (АН СССР), Дальневосточное отделение (ДВО), Северо-Восточный комплексный научно-исследовательский институт (СВКНИИ) ; под ред. В. П. Гринчука
|
| 210 |
|
|
|a Владивосток
|c ДВНЦ АН СССР
|d 1978
|
| 215 |
|
|
|a 144 с.
|c ил.
|
| 320 |
|
|
|a Библиография в конце докладов.
|
| 606 |
1 |
|
|a Палинология
|2 stltpush
|3 (RuTPU)RU\TPU\subj\48038
|9 66920
|
| 610 |
1 |
|
|a палинологические материалы
|
| 610 |
1 |
|
|a палинологические данные
|
| 610 |
1 |
|
|a Северо-Восток СССР
|
| 610 |
1 |
|
|a Дальний Восток
|
| 610 |
1 |
|
|a палеоботаника
|
| 610 |
1 |
|
|a палеоботанические исследования
|
| 610 |
1 |
|
|a таксоны
|
| 610 |
1 |
|
|a растительность
|
| 675 |
|
|
|a 581(063)
|v 3
|
| 702 |
|
1 |
|a Гринчук
|b В. П.
|4 340
|
| 712 |
0 |
2 |
|a Академия наук СССР (АН СССР)
|b Дальневосточное отделение (ДВО)
|b Северо-Восточный комплексный научно-исследовательский институт (СВКНИИ)
|c (Магадан)
|2 stltpush
|3 (RuTPU)RU\TPU\col\12547
|
| 712 |
1 |
2 |
|a Палинологические исследования на Северо-Востоке СССР
|c Межведомственный семинар
|d 1
|e Владивосток
|f 1978
|
| 801 |
|
1 |
|a RU
|b 63413507
|c 20150331
|
| 801 |
|
2 |
|a RU
|b 63413507
|c 20210513
|g RCR
|
| 942 |
|
|
|c BK
|